000
00301nam a2200121Ia 4500
008
191201s2002 xx 000 0 und d
100
_a
COVEY, Stephen R
245
0
_a
First Things First
260
_a
N.Delhi
_b
Pocket Books London,
_c
2002
300
_a
360
650
_a
General Books
942
_2
ddc
_c
BK
999
_c
1740
_d
1740